[Event "I Festival A"]
[Site "Lodi ITA"]
[Date "2005.06.11"]
[Round "2"]
[White "Tiviakov, Sergei"]
[Black "Aldrovandi, Costantino"]
[Result "1-0"]
[WhiteElo "2631"]
[BlackElo "2246"]
[PlyCount "132"]
[EventDate "2005.06.10"]

1. e4 e6 2. d4 d5 3. Nd2 c5 4. exd5 exd5 5. Ngf3 Nc6 6. Be2 Bd6 7. O-O Nge7 8.
dxc5 Bxc5 9. Nb3 Bd6 10. Bg5 O-O 11. Bh4 Bf5 12. Bg3 Be4 13. Nfd4 Ne5 14. f3
Bf5 15. Re1 Bg6 16. c3 a6 17. Bf1 Qc7 18. Qe2 N5c6 19. Bxd6 Qxd6 20. Nxc6 Nxc6
21. Rad1 Rad8 22. Qf2 Rd7 23. Rd2 Rfd8 24. Qc5 h5 25. Red1 Qe6 26. Qf2 Rd6 27.
Nd4 Qc8 28. Qg3 Na5 29. Qe5 Nc4 30. Bxc4 Qxc4 31. a3 Qc5 32. Kh1 R6d7 33. Re1
Qb6 34. Qg5 Qd6 35. Rde2 Qf6 36. Re8+ Rxe8 37. Rxe8+ Kh7 38. Qxf6 gxf6 39. Kg1
Bd3 40. Kf2 a5 41. Ra8 Ba6 42. Re8 a4 43. Ke3 Rd6 44. Kd2 Rb6 45. Kc2 Bc4 46.
g3 Ba6 47. Rd8 Bc4 48. Rf8 Kg6 49. Rh8 Ra6 50. f4 Bf1 51. Rb8 Rb6 52. Rc8 Bc4
53. Rc5 Ra6 54. Rc7 Rb6 55. Rd7 Ba2 56. f5+ Kg5 57. Rxf7 Bb3+ 58. Kc1 Kg4 59.
Re7 Kh3 60. Re2 Bc4 61. Rf2 Bd3 62. Ne6 Be4 63. Ng7 Kg4 64. Rf4+ Kg5 65. Ne6+
Kh6 66. Nc5 Rc6 1-0

[Event "I Festival A"]
[Site "Lodi ITA"]
[Date "2005.06.11"]
[Round "2"]
[White "Vecchia, Mario"]
[Black "Aleksic, Nenad"]
[Result "0-1"]
[WhiteElo "2058"]
[BlackElo "2396"]
[PlyCount "68"]
[EventDate "2005.06.10"]

1. e4 c5 2. Nf3 d6 3. Bb5+ Bd7 4. Bxd7+ Nxd7 5. O-O Ngf6 6. Re1 e6 7. Nc3 Be7
8. d4 cxd4 9. Nxd4 a6 10. Be3 O-O 11. a4 Qc7 12. f3 Rac8 13. a5 Ne5 14. Nb3 Nc4
15. Bc1 Rfd8 16. Qe2 Nd7 17. Nd1 Bf6 18. c3 Nde5 19. Ne3 d5 20. f4 Ng6 21. g3
b5 22. e5 Be7 23. h4 Bc5 24. Kh2 d4 25. cxd4 Bxd4 26. Nxc4 bxc4 27. Nxd4 Rxd4
28. Be3 Rd3 29. Red1 Rxd1 30. Qxd1 Ne7 31. Bb6 Qb7 32. Qd2 Nd5 33. Rd1 h6 34.
Qd4 c3 0-1

[Event "I Festival A"]
[Site "Lodi ITA"]
[Date "2005.06.11"]
[Round "2"]
[White "Verducci, Gianni"]
[Black "Vivo, Mario"]
[Result "0-1"]
[WhiteElo "2081"]
[BlackElo "2144"]
[PlyCount "110"]
[EventDate "2005.06.10"]

1. e4 c5 2. Nc3 a6 3. Nge2 b5 4. g3 Bb7 5. Bg2 e6 6. d3 Nf6 7. O-O d6 8. f4 Qc7
9. h3 h5 10. f5 e5 11. Bg5 Nbd7 12. Qd2 Be7 13. Kh2 Nb6 14. Ng1 b4 15. Nd1 a5
16. Nf3 Qd8 17. Bxf6 Bxf6 18. Nf2 Qc7 19. g4 hxg4 20. Nxg4 Be7 21. Ng5 Qd8 22.
Nf3 Nd7 23. Rae1 Nf6 24. Ne3 Nh5 25. Qf2 Nf4 26. Qg3 Bf6 27. Nc4 Qc7 28. Qg4
Ke7 29. Ng5 Rh5 30. Nf3 Rah8 31. Kg1 g6 32. Ne3 Bc8 33. Qxf4 exf4 34. Nd5+ Kd7
35. Nxc7 Kxc7 36. e5 dxe5 37. Nxe5 Rxf5 38. Nc4 Be6 39. Re4 g5 40. b3 Bd4+ 41.
Kh2 g4 42. Nd2 f3 43. Nxf3 gxf3 44. Bxf3 Re5 45. Bg2 Rxe4 46. dxe4 Kd6 47. Rf3
Ke5 48. Rd3 f6 49. Kg3 Bd7 50. Rd1 Bc6 51. Re1 Rg8+ 52. Kh2 Kf4 53. Rf1+ Ke3
54. Rd1 Ke2 55. Rd3 Rxg2+ 0-1

[Event "I Festival A"]
[Site "Lodi ITA"]
[Date "2005.06.11"]
[Round "2"]
[White "Vicari, Luigi"]
[Black "Rosin, Federico"]
[Result "1-0"]
[WhiteElo "2072"]
[BlackElo "2127"]
[PlyCount "65"]
[EventDate "2005.06.10"]

1. Nf3 d5 2. g3 Nf6 3. Bg2 c5 4. O-O Nc6 5. d4 cxd4 6. Nxd4 e5 7. Nxc6 bxc6 8.
c4 Be6 9. Qa4 Qd7 10. Rd1 Rc8 11. Nc3 d4 12. e3 c5 13. Nb5 a6 14. Qxa6 Bxc4 15.
Nc7+ Qxc7 16. Qxc4 Be7 17. a4 O-O 18. a5 Qa7 19. Bd2 Rfd8 20. Qe2 h6 21. exd4
exd4 22. a6 c4 23. Bb7 Rc7 24. Ba5 Rdd7 25. Bxc7 Rxc7 26. Qe5 Rd7 27. h3 Bc5
28. Rac1 d3 29. Qf5 Rd4 30. b3 Qb8 31. Qxc5 Ne4 32. Qxd4 Nxg3 33. Rd2 1-0

[Event "I Festival A"]
[Site "Lodi ITA"]
[Date "2005.06.11"]
[Round "2"]
[White "Voloshin, Leonid"]
[Black "Polat, Cihan"]
[Result "1-0"]
[WhiteElo "2474"]
[BlackElo "2179"]
[PlyCount "109"]
[EventDate "2005.06.10"]

1. d4 Nf6 2. c4 e6 3. Nf3 b6 4. a3 Bb7 5. Nc3 Be7 6. d5 exd5 7. cxd5 O-O 8. g3
Re8 9. Bg2 a6 10. O-O c5 11. e4 d6 12. e5 dxe5 13. Nxe5 Bf8 14. Nc6 Qc8 15. Na4
Nfd7 16. Nxb8 Qxb8 17. Bh3 Bc8 18. Be3 b5 19. Nc3 Ne5 20. Bg2 Bg4 21. Qc2 Nf3+
22. Bxf3 Bxf3 23. Qf5 b4 24. axb4 cxb4 25. Qxf3 bxc3 26. bxc3 Qb3 27. Bf4 Rac8
28. Qd1 Qb5 29. Qd4 Rc4 30. Qd3 Rd8 31. Rfd1 Qc5 32. Be3 Qc8 33. Bb6 Rd6 34.
Ba5 Rd7 35. Rab1 h6 36. Rb8 Qxb8 37. Qxc4 Qb7 38. Bb4 Bxb4 39. cxb4 Qb5 40.
Qxb5 axb5 41. d6 f6 42. f4 f5 43. Rd5 g6 44. Kf2 Kf7 45. Ke3 Ke6 46. Rxb5 Rxd6
47. Rc5 Rd1 48. Rc6+ Kf7 49. b5 Rb1 50. b6 g5 51. Rxh6 g4 52. Kd4 Kg7 53. Rc6
Kf7 54. Ke5 Rb5+ 55. Kd6 1-0

[Event "I Festival A"]
[Site "Lodi ITA"]
[Date "2005.06.11"]
[Round "2"]
[White "Xia, Jie"]
[Black "Cedriano, Filippo"]
[Result "1/2-1/2"]
[WhiteElo "2110"]
[BlackElo "2043"]
[PlyCount "100"]
[EventDate "2005.06.10"]

1. e4 c5 2. Nf3 Nc6 3. d4 cxd4 4. Nxd4 d5 5. Bb5 dxe4 6. Nxc6 Qxd1+ 7. Kxd1 a6
8. Nd4+ axb5 9. Nxb5 Bg4+ 10. Ke1 O-O-O 11. N1c3 e5 12. h3 Bh5 13. g4 Bg6 14.
Be3 h5 15. g5 h4 16. Na4 f5 17. Nb6+ Kb8 18. Nc4 Kc8 19. Ba7 b6 20. Bxb6 Rd5
21. a4 Bc5 22. a5 Be8 23. Bxc5 Rxc5 24. Nbd6+ Kb8 25. b3 Ne7 26. a6 Ka7 27. b4
Rd5 28. Ke2 Bb5 29. Rhd1 Bxc4+ 30. Nxc4 Rc8 31. Nd6 Rxc2+ 32. Ke1 Rxd1+ 33.
Kxd1 Rxf2 34. Ra4 Nd5 35. Ke1 Rb2 36. Ra5 Nxb4 37. Nb5+ Kb6 38. a7 Nd3+ 39. Kd1
Nf2+ 40. Ke1 Nd3+ 41. Kf1 Kxa5 42. Nc3 Kb4 43. Nd5+ Kc4 44. Ne3+ Kd4 45. Nxf5+
Kc3 46. a8=Q Rb1+ 47. Kg2 Rb2+ 48. Kh1 Rb1+ 49. Kh2 Rb2+ 50. Kg1 Rb1+ 1/2-1/2

[Event "I Festival A"]
[Site "Lodi ITA"]
[Date "2005.06.11"]
[Round "2"]
[White "Zanellato, Lorenzo"]
[Black "Bonade', Massimo"]
[Result "0-1"]
[WhiteElo "2087"]
[BlackElo "2101"]
[PlyCount "84"]
[EventDate "2005.06.10"]

1. d4 d5 2. c4 e6 3. Nc3 Nf6 4. cxd5 exd5 5. Bg5 Be7 6. e3 c6 7. Bd3 O-O 8. Qc2
Nbd7 9. Nge2 Re8 10. O-O Nf8 11. f3 Nh5 12. Bxe7 Rxe7 13. Qd2 g6 14. Rad1 Ng7
15. e4 dxe4 16. fxe4 Be6 17. Kh1 Qe8 18. e5 Kh8 19. b3 Bf5 20. Bxf5 Nxf5 21.
Ne4 Qd7 22. Nf6 Qc8 23. g4 Ng7 24. Qh6 c5 25. Ng3 cxd4 26. Nge4 Re6 27. Rc1 Qd8
28. Ng5 Rxf6 29. exf6 Qd5+ 30. Kg1 Nge6 31. Nxf7+ Kg8 32. Rc7 d3 33. Rd1 Qd4+
34. Kh1 Qe4+ 35. Kg1 Qxg4+ 36. Kf2 Qxd1 37. Ng5 Qd2+ 38. Kf1 Qf4+ 39. Ke1 Qxc7
40. f7+ Kh8 41. Qh4 Qc1+ 42. Kf2 Qxg5 0-1

[Event "I Festival A"]
[Site "Lodi ITA"]
[Date "2005.06.11"]
[Round "2"]
[White "Zanetti, Alberto"]
[Black "Maksimenko, Andrei"]
[Result "0-1"]
[WhiteElo "2224"]
[BlackElo "2510"]
[PlyCount "65"]
[EventDate "2005.06.10"]

1. d4 Nf6 2. Nf3 c5 3. e3 g6 4. Bd3 Bg7 5. Nbd2 d6 6. O-O O-O 7. c3 Nc6 8. e4
e6 9. Re1 a6 10. a4 Nd7 11. Nb3 b6 12. Bg5 Qc7 13. Rc1 h6 14. Be3 Kh7 15. h4
Nf6 16. a5 Nxa5 17. Nxa5 bxa5 18. e5 dxe5 19. Nxe5 h5 20. Qc2 cxd4 21. Bxg6+
fxg6 22. Qxg6+ Kg8 23. cxd4 Qe7 24. Bh6 Nd5 25. Qg3 Qf6 26. Bg5 Qf5 27. Nc6 Bd7
28. Re5 Qg4 29. Qd3 Bxc6 30. Rxc6 Bxe5 31. dxe5 Qf5 32. Qe2 Qg6 33. g4 0-1

[Event "I Festival A"]
[Site "Lodi ITA"]
[Date "2005.06.11"]
[Round "2"]
[White "Zezulkin, Jurij"]
[Black "Galassi, Federico"]
[Result "1-0"]
[WhiteElo "2512"]
[BlackElo "2210"]
[PlyCount "36"]
[EventDate "2005.06.10"]

1. e4 d6 2. d4 Nf6 3. Nc3 g6 4. Bc4 Bg7 5. Qe2 O-O 6. e5 Nfd7 7. e6 Nb6 8. Bb3
Nc6 9. Nf3 fxe6 10. Bxe6+ Bxe6 11. Qxe6+ Kh8 12. Be3 Rf6 13. Qh3 Qc8 14. g4 Qd7
15. O-O-O Raf8 16. Ng5 h6 17. Nce4 Rf4 18. d5 Nd8 1-0

[Event "I Festival A"]
[Site "Lodi ITA"]
[Date "2005.06.11"]
[Round "2"]
[White "Zucconi, Leandro"]
[Black "Pegoraro, Nicola"]
[Result "0-1"]
[WhiteElo "2144"]
[BlackElo "2082"]
[PlyCount "58"]
[EventDate "2005.06.10"]

1. d4 f5 2. c4 g6 3. Nf3 Nf6 4. g3 Bg7 5. Bg2 O-O 6. Nc3 d6 7. O-O Nc6 8. d5
Ne5 9. Nxe5 dxe5 10. e4 f4 11. c5 g5 12. Qb3 Kh8 13. Bd2 Ne8 14. f3 h5 15. Rad1
Rf6 16. Be1 b6 17. Bf2 Rh6 18. Rfe1 Bd7 19. Kh1 Qc8 20. gxf4 gxf4 21. Rg1 Rb8
22. Qa3 bxc5 23. Bxc5 Ra6 24. Bxe7 Rxa3 25. Bxa3 Bh3 26. Rd2 Nd6 27. b3 Qd7 28.
Bb2 Rg8 29. Nb1 Bf6 0-1

[Event "I Festival A"]
[Site "Lodi ITA"]
[Date "2005.06.11"]
[Round "3"]
[White "Aldrovandi, Costantino"]
[Black "Frugoli, Francesco"]
[Result "0-1"]
[WhiteElo "2246"]
[BlackElo "2092"]
[PlyCount "102"]
[EventDate "2005.06.10"]

1. Nf3 d5 2. g3 Nf6 3. Bg2 Bg4 4. O-O Nbd7 5. c4 c6 6. b3 e6 7. Bb2 Be7 8. Na3
O-O 9. Nc2 Re8 10. Ne3 Bxf3 11. Bxf3 a5 12. a3 Qb6 13. Rb1 d4 14. Nc2 e5 15. d3
Bf8 16. Bg2 Qc7 17. Bc1 c5 18. b4 axb4 19. axb4 cxb4 20. Nxb4 Bc5 21. Qb3 Rab8
22. Nc2 e4 23. Bb2 Qd6 24. Ba3 h5 25. Qb2 b6 26. Bb4 h4 27. Be1 Ne5 28. Qb3
Neg4 29. Rd1 hxg3 30. fxg3 exd3 31. Qxd3 Rxe2 32. Kh1 Rbe8 33. Bd2 Nf2+ 34.
Rxf2 Rxf2 35. Bf4 Qe6 36. h3 Qe2 37. Ne1 Ne4 38. Qxe2 Rxe2 39. Nd3 Nf2+ 40.
Nxf2 Rxf2 41. Bf1 f6 42. h4 Kf8 43. Ra1 Rd8 44. Bd3 Bd6 45. Kg1 Rb2 46. c5 Bxf4
47. gxf4 bxc5 48. Ra7 Kg8 49. h5 Rd2 50. Bg6 d3 51. Bf7+ Kh8 0-1

[Event "I Festival A"]
[Site "Lodi ITA"]
[Date "2005.06.11"]
[Round "3"]
[White "Aleksic, Nenad"]
[Black "Tiviakov, Sergei"]
[Result "0-1"]
[WhiteElo "2396"]
[BlackElo "2631"]
[PlyCount "58"]
[EventDate "2005.06.10"]

1. e4 c5 2. Nf3 d6 3. d4 cxd4 4. Nxd4 Nf6 5. Nc3 g6 6. Bc4 Bg7 7. h3 O-O 8. O-O
a6 9. Re1 b5 10. Bb3 Bb7 11. Bg5 Nbd7 12. a4 b4 13. Nd5 e6 14. Nxf6+ Nxf6 15.
f3 Qa5 16. Be3 e5 17. Ne2 d5 18. exd5 Nxd5 19. Bf2 Rad8 20. Qc1 Kh8 21. Ng3 f5
22. Nf1 e4 23. fxe4 fxe4 24. Bxd5 Qxd5 25. Be3 Kg8 26. Re2 Qc4 27. Rd2 Rxd2 28.
Nxd2 Qe2 29. Nb3 Bh6 0-1

[Event "I Festival A"]
[Site "Lodi ITA"]
[Date "2005.06.11"]
[Round "3"]
[White "Astengo, Marcello"]
[Black "Cardini, Saverio"]
[Result "1-0"]
[WhiteElo "2120"]
[BlackElo "2010"]
[PlyCount "61"]
[EventDate "2005.06.10"]

1. d4 d5 2. c4 e6 3. Nc3 c6 4. cxd5 exd5 5. Qc2 Bd6 6. Nf3 Ne7 7. Bg5 f6 8. Bh4
Bf5 9. Qd2 Nd7 10. Bg3 Nb6 11. b3 g5 12. e3 h5 13. Be2 h4 14. Bxd6 Qxd6 15. h3
Kf7 16. Nh2 Ng6 17. O-O Rag8 18. Rad1 Nc8 19. Ng4 Qd7 20. e4 Bxe4 21. Nxe4 dxe4
22. Bc4+ Kg7 23. Bxg8 Rxg8 24. d5 cxd5 25. Qxd5 Qxd5 26. Rxd5 Nb6 27. Rd6 f5
28. Ne3 Rf8 29. Rc1 Rf7 30. a4 Nf4 31. Rc5 1-0

[Event "I Festival A"]
[Site "Lodi ITA"]
[Date "2005.06.11"]
[Round "3"]
[White "Bartolozzi, Roberto"]
[Black "Malano, Francesco"]
[Result "1/2-1/2"]
[WhiteElo "2126"]
[BlackElo "2026"]
[PlyCount "33"]
[EventDate "2005.06.10"]

1. Nf3 c5 2. c4 g6 3. Nc3 Bg7 4. d4 cxd4 5. Nxd4 Nc6 6. e3 Nf6 7. Be2 O-O 8.
O-O d5 9. cxd5 Nxd5 10. Nxd5 Qxd5 11. Bf3 Qc5 12. Nxc6 bxc6 13. Qa4 Rb8 14.
Qxc6 Qxc6 15. Bxc6 Ba6 16. Rd1 Bxb2 17. Rb1 1/2-1/2

[Event "I Festival A"]
[Site "Lodi ITA"]
[Date "2005.06.11"]
[Round "3"]
[White "Bonade', Massimo"]
[Black "Molina, Fabrizio"]
[Result "0-1"]
[WhiteElo "2101"]
[BlackElo "2257"]
[PlyCount "108"]
[EventDate "2005.06.10"]

1. d4 e6 2. c4 d5 3. Nc3 c5 4. cxd5 exd5 5. Nf3 Nc6 6. g3 c4 7. Bg2 Bb4 8. O-O
Nge7 9. e4 O-O 10. Nxd5 Nxd5 11. exd5 Qxd5 12. Ne5 Qb5 13. Nxc6 bxc6 14. Qc2
Be6 15. Be4 h6 16. Be3 Rad8 17. Rac1 Be7 18. Rfd1 Bf6 19. Rd2 Rd6 20. Rcd1 Rfd8
21. Kg2 Qa5 22. a3 Qb5 23. Kg1 g5 24. Kh1 Bg7 25. Kg1 Bg4 26. f3 Be6 27. g4 a5
28. Bh7+ Kh8 29. Be4 Rf8 30. Bf2 a4 31. Kg2 h5 32. h3 f5 33. gxf5 Bxf5 34. Bxf5
Rxf5 35. Qe4 Rd8 36. d5 Rfxd5 37. Rxd5 cxd5 38. Qg6 Qe8 39. Qxg5 Bxb2 40. Rxd5
Rxd5 41. Qxd5 Qg8+ 42. Qxg8+ Kxg8 43. Kf1 Bxa3 44. Ke2 Bb2 45. Kd2 Kf7 46. Bg3
Ke6 47. Kc2 Bf6 48. Bf4 Kd5 49. Be3 Bd4 50. Bc1 Be5 51. Ba3 Bd6 52. Bc1 Kd4 53.
Bh6 a3 54. Bc1 a2 0-1

[Event "I Festival A"]
[Site "Lodi ITA"]
[Date "2005.06.11"]
[Round "3"]
[White "Bonarrigo, Marco"]
[Black "Ceccarini, Marco"]
[Result "1-0"]
[WhiteElo "2014"]
[BlackElo "2124"]
[PlyCount "91"]
[EventDate "2005.06.10"]

1. e4 e6 2. d4 d5 3. Nd2 Nf6 4. e5 Nfd7 5. Bd3 c5 6. c3 b6 7. Ne2 Ba6 8. Bc2
Nc6 9. Nf3 Bxe2 10. Qxe2 c4 11. O-O Be7 12. Nd2 h5 13. Qf3 b5 14. Qg3 Rg8 15.
Bh7 Bh4 16. Qe3 Rh8 17. Bc2 Nb6 18. b3 Be7 19. a4 cxb3 20. Nxb3 Nxa4 21. Nc5
Nxc5 22. dxc5 Qc7 23. Bd3 Rb8 24. Re1 Na5 25. c6 Nxc6 26. Qg3 g6 27. Bf4 a5 28.
Rab1 Na7 29. Qe3 Bc5 30. Qe2 Qb6 31. Rb2 Kd7 32. Reb1 b4 33. Bd2 Rhc8 34. cxb4
Bxb4 35. Qf3 Ke8 36. Qf6 Qd8 37. Qg7 Bxd2 38. Rxb8 Qe7 39. Bf1 Bb4 40. Rxc8+
Nxc8 41. Rc1 Na7 42. Qh8+ Kd7 43. Qb8 Bc5 44. Bb5+ Nxb5 45. Qxb5+ Kd8 46. Qxc5
1-0

[Event "I Festival A"]
[Site "Lodi ITA"]
[Date "2005.06.11"]
[Round "3"]
[White "Borin, Fabio"]
[Black "Verducci, Gianni"]
[Result "1-0"]
[WhiteElo "2184"]
[BlackElo "2081"]
[PlyCount "81"]
[EventDate "2005.06.10"]

1. e4 e6 2. Nf3 d5 3. Nc3 Nf6 4. e5 Nfd7 5. d4 c5 6. dxc5 Bxc5 7. Bd3 Nc6 8.
Bf4 Qb6 9. O-O Qb4 10. Bd2 Qb6 11. Na4 Qc7 12. Nxc5 Nxc5 13. Re1 Bd7 14. Bf1
Ne4 15. Bf4 Rc8 16. c3 Qb6 17. Qe2 O-O 18. Rad1 Na5 19. Be3 Qc7 20. Rd4 Nc4 21.
Bc1 b5 22. Ng5 Nxe5 23. Nxe4 dxe4 24. Qxe4 Ng6 25. Red1 Bc6 26. Qd3 Qe5 27. a3
a6 28. f4 Qf6 29. g3 Ne7 30. Bg2 Nf5 31. Rb4 Rcd8 32. Qe2 Rxd1+ 33. Qxd1 Rd8
34. Qe2 Bxg2 35. Kxg2 Rd5 36. a4 Qd8 37. axb5 Rd1 38. b6 a5 39. Rb5 Rxc1 40. b7
Qb8 41. Qe5 1-0

[Event "I Festival A"]
[Site "Lodi ITA"]
[Date "2005.06.11"]
[Round "3"]
[White "Bressanelli, Roberto"]
[Black "Salami, Marco"]
[Result "1-0"]
[WhiteElo "2086"]
[BlackElo "2206"]
[PlyCount "133"]
[EventDate "2005.06.10"]

1. e4 e6 2. d4 d5 3. Nd2 Nf6 4. e5 Nfd7 5. Bd3 c5 6. c3 Nc6 7. Ne2 cxd4 8. cxd4
f6 9. Nf4 Nxd4 10. Qh5+ Ke7 11. exf6+ Nxf6 12. Ng6+ hxg6 13. Qxh8 Kf7 14. O-O
e5 15. Nf3 Nxf3+ 16. gxf3 e4 17. fxe4 Nh5 18. exd5 Qh4 19. Bxg6+ Kxg6 20. Qxf8
Bf5 21. Qa3 Re8 22. Qf3 Re5 23. Qg2+ Kh7 24. f3 Bh3 25. Qf2 Qe7 26. Bd2 Re2 27.
Qd4 Rg2+ 28. Kh1 Qe2 29. Qe4+ Qxe4 30. fxe4 Rxd2 31. Rad1 Rxb2 32. d6 Bg2+ 33.
Kg1 Bxe4 34. Rf2 Rxf2 35. Kxf2 Nf6 36. d7 Nxd7 37. Rxd7 Kg6 38. Rd4 Kf5 39. Ke3
Bc6 40. h4 g6 41. a3 Bh1 42. Rf4+ Ke6 43. Rg4 Kf6 44. Rg5 Bc6 45. Kd4 Bf3 46.
Kc5 Be4 47. Kd6 Bc6 48. Ra5 a6 49. Rg5 Be4 50. Kc7 Bc6 51. Kb6 Be4 52. a4 Bc6
53. a5 Be4 54. Rc5 Bf3 55. Rc7 Kf5 56. Rf7+ Kg4 57. Rxf3 Kxf3 58. Kxb7 Kg4 59.
Kxa6 Kxh4 60. Kb5 g5 61. a6 g4 62. a7 Kg3 63. a8=Q Kh2 64. Qa2+ Kh3 65. Qb1 Kh2
66. Qc2+ Kh3 67. Qd1 1-0

[Event "I Festival A"]
[Site "Lodi ITA"]
[Date "2005.06.11"]
[Round "3"]
[White "Calzolari, Giampietro"]
[Black "Gabetto, Flaviano"]
[Result "0-1"]
[WhiteElo "2036"]
[BlackElo "2136"]
[PlyCount "110"]
[EventDate "2005.06.10"]

1. e4 d5 2. exd5 Nf6 3. d4 Bg4 4. Nf3 Qxd5 5. Be2 Nc6 6. O-O O-O-O 7. c3 e6 8.
Be3 Bd6 9. Nbd2 Qh5 10. Nc4 Bxh2+ 11. Nxh2 Bxe2 12. Qa4 Bxf1 13. Rxf1 a6 14. b4
Qb5 15. Qb3 Qd5 16. a4 b5 17. axb5 axb5 18. Nd2 Qxb3 19. Nxb3 Nd7 20. Nf3 h6
21. Rd1 Ne7 22. Ra1 Nd5 23. Bd2 Kb7 24. Na5+ Kb6 25. Ne1 Ra8 26. Nd3 c6 27. Rc1
Rhc8 28. c4 bxc4 29. Rxc4 Kb5 30. Nb2 N5b6 31. Rc2 Na4 32. Nbc4 Rc7 33. Nd6+
Ka6 34. b5+ Kb6 35. bxc6 Rxa5 36. Nc4+ Kxc6 37. Bxa5 Ra7 38. Ne5+ Kb5 39. Bd2
Nxe5 40. dxe5 Nb6 41. Be3 Ra1+ 42. Kh2 Nc4 43. Bd4 Ra3 44. Bc3 Kc5 45. f4 Ra4
46. Kg3 Kd5 47. Kf3 Ra3 48. g3 f6 49. exf6 gxf6 50. Ke2 e5 51. fxe5 fxe5 52.
Be1 Re3+ 53. Kf2 e4 54. Bc3 Rf3+ 55. Ke2 Rxg3 0-1

[Event "I Festival A"]
[Site "Lodi ITA"]
[Date "2005.06.11"]
[Round "3"]
[White "Castrogiovanni, Carlo"]
[Black "Birens, Eric-Andre'"]
[Result "1-0"]
[WhiteElo "2115"]
[BlackElo "2122"]
[PlyCount "75"]
[EventDate "2005.06.10"]

1. Nf3 c5 2. c4 Nc6 3. g3 e5 4. Nc3 g6 5. d3 Bg7 6. Bg2 d6 7. Bd2 Nge7 8. Qc1
Nf5 9. h3 O-O 10. O-O Ncd4 11. e3 Nxf3+ 12. Bxf3 Rb8 13. Bg2 Be6 14. Rb1 Qd7
15. Kh2 Ne7 16. e4 f5 17. f3 f4 18. gxf4 exf4 19. Ne2 g5 20. Bc3 Ng6 21. Bxg7
Qxg7 22. Qc3 Qf7 23. b3 h5 24. d4 g4 25. hxg4 hxg4 26. Rh1 g3+ 27. Kg1 Qg7 28.
Bh3 Bxh3 29. Rxh3 Kf7 30. Kg2 Rh8 31. Rbh1 Rxh3 32. Rxh3 Rh8 33. dxc5 Nh4+ 34.
Kf1 g2+ 35. Kg1 Nxf3+ 36. Qxf3 Rg8 37. Qh5+ Kf8 38. Qf5+ 1-0

[Event "I Festival A"]
[Site "Lodi ITA"]
[Date "2005.06.11"]
[Round "3"]
[White "Cecconi, Giovanni Alberto"]
[Black "Cebalo, Miso"]
[Result "0-1"]
[WhiteElo "2183"]
[BlackElo "2507"]
[PlyCount "84"]
[EventDate "2005.06.10"]

1. d4 Nf6 2. Bg5 c5 3. d5 d6 4. Bxf6 exf6 5. e3 f5 6. Nd2 g6 7. a4 Bg7 8. Nc4
O-O 9. c3 Na6 10. Qf3 Nc7 11. Rd1 Bd7 12. a5 Bb5 13. Nh3 Qd7 14. Nf4 Bxc4 15.
Bxc4 Qa4 16. Bd3 Qxa5 17. h4 Qa2 18. h5 Qxb2 19. hxg6 Qxc3+ 20. Kf1 hxg6 21. g4
fxg4 22. Qxg4 Qf6 23. Qh3 Rfe8 24. Qh7+ Kf8 25. Rg1 g5 26. Nh5 Qh6 27. Qxh6
Bxh6 28. Nf6 Ke7 29. Nxe8 Rxe8 30. Rb1 Rb8 31. e4 b5 32. Ke2 a6 33. Kf3 Kf6 34.
Kg4 Rh8 35. Rg3 c4 36. Rf3+ Kg7 37. Be2 Ne8 38. Ra3 Nc7 39. Kf5 Re8 40. f4 gxf4
41. Rg1+ Kf8 42. Kf6 Re5 0-1

[Event "I Festival A"]
[Site "Lodi ITA"]
[Date "2005.06.11"]
[Round "3"]
[White "Cedriano, Filippo"]
[Black "Dvirnyy, Danyyil"]
[Result "0-1"]
[WhiteElo "2043"]
[BlackElo "2120"]
[PlyCount "94"]
[EventDate "2005.06.10"]

1. Nf3 Nf6 2. c4 g6 3. g3 Bg7 4. Bg2 O-O 5. Nc3 d6 6. O-O c6 7. d4 Nbd7 8. e4
Qc7 9. h3 e5 10. Be3 Re8 11. d5 h6 12. Qd2 Kh7 13. Rac1 c5 14. Ne1 Nh5 15. Nd3
f5 16. Kh2 f4 17. gxf4 exf4 18. Nxf4 Be5 19. Kh1 Nxf4 20. Bxf4 g5 21. Bxe5 Nxe5
22. f4 gxf4 23. Rxf4 Qe7 24. Rcf1 Rg8 25. Rf6 Rg6 26. Rxg6 Kxg6 27. b3 Bd7 28.
Ne2 Rg8 29. Nf4+ Kh7 30. Nh5 Rg6 31. Qf4 Rg5 32. Nf6+ Kg7 33. Nxd7 Nxd7 34. h4
Re5 35. Qg4+ Kh7 36. Rf5 Rxf5 37. Qxf5+ Kg7 38. Bh3 Ne5 39. Qf2 Ng6 40. h5 Ne5
41. Bf5 Qg5 42. Bg6 a5 43. a3 Qc1+ 44. Kg2 Qxa3 45. Be8 Qc1 46. Kh3 Qh1+ 47.
Kg3 Qxe4 0-1

[Event "I Festival A"]
[Site "Lodi ITA"]
[Date "2005.06.11"]
[Round "3"]
[White "Cereda, Loris"]
[Black "Xia, Jie"]
[Result "0-1"]
[WhiteElo "2054"]
[BlackElo "2110"]
[PlyCount "56"]
[EventDate "2005.06.10"]

1. e4 c5 2. Nc3 d6 3. f4 Nf6 4. Nf3 Nc6 5. Bb5 e6 6. Bxc6+ bxc6 7. d3 h5 8. e5
Ng4 9. Qe2 d5 10. b3 Ba6 11. O-O g6 12. Ba3 Qa5 13. Na4 c4 14. Bxf8 Kxf8 15.
dxc4 dxc4 16. Qe4 cxb3 17. Rfc1 b2 18. Nxb2 Rd8 19. c3 Qb6+ 20. Nd4 Qxb2 21.
Qxc6 Qf2+ 22. Kh1 Qe3 23. g3 Nf2+ 24. Kg2 Ng4 25. Kh3 h4 26. Kxg4 Rxd4 27. Qxa6
Rd3 28. Qa3+ Kg7 0-1

[Event "I Festival A"]
[Site "Lodi ITA"]
[Date "2005.06.11"]
[Round "3"]
[White "Damia, Angelo"]
[Black "Bonagura, Stefano"]
[Result "1-0"]
[WhiteElo "2110"]
[BlackElo "2018"]
[PlyCount "139"]
[EventDate "2005.06.10"]

1. e4 d6 2. d4 Nf6 3. Nc3 c6 4. Bg5 Nbd7 5. f4 Qa5 6. Qd2 e5 7. Nf3 Be7 8. Be2
O-O 9. O-O Re8 10. Rad1 h6 11. Bh4 b5 12. fxe5 dxe5 13. Nd5 Qxd2 14. Nxe7+ Rxe7
15. Rxd2 g5 16. dxe5 Nxe4 17. Rd4 Nec5 18. Bg3 Ne6 19. Rd6 Bb7 20. Nd2 Kg7 21.
Bh5 Rf8 22. Ne4 Nec5 23. Nxc5 Nxc5 24. e6 Nxe6 25. Rd3 Rd8 26. Be5+ Kg8 27.
Rxd8+ Nxd8 28. Bf6 Re8 29. Bxd8 Rxd8 30. Rxf7 Bc8 31. Rxa7 Bf5 32. Rc7 Be4 33.
Re7 Bxc2 34. Re2 Bf5 35. Bf3 Rd6 36. Re5 Be6 37. a3 Kg7 38. Rc5 Bd7 39. Rc2 Kf6
40. g3 Ke7 41. Kf1 Kd8 42. Ke2 Kc7 43. Ke3 Kb6 44. b4 Bf5 45. Rc3 Bg6 46. h4
gxh4 47. gxh4 Bf7 48. Be4 Bd5 49. Bf5 Rf6 50. Bg4 Rf1 51. Be2 Rh1 52. h5 Rh4
53. Kd2 Rf4 54. Rg3 Rh4 55. Rg6 Rh3 56. Rxh6 Rxa3 57. Rf6 Rh3 58. h6 Rh4 59.
Bd3 Be4 60. Bf1 Bd5 61. Kc3 Be4 62. Be2 Bd5 63. Bd3 Be4 64. Bxe4 Rxe4 65. h7
Rh4 66. Rf7 Rc4+ 67. Kd3 Rh4 68. Ke3 Rh6 69. Ke4 c5 70. Rf6+ 1-0

[Event "I Festival A"]
[Site "Lodi ITA"]
[Date "2005.06.11"]
[Round "3"]
[White "Farachi, Francesco"]
[Black "Zucconi, Leandro"]
[Result "1/2-1/2"]
[WhiteElo "2107"]
[BlackElo "2144"]
[PlyCount "106"]
[EventDate "2005.06.10"]

1. e4 e6 2. d4 d5 3. Nc3 dxe4 4. Nxe4 Nd7 5. Nf3 Ngf6 6. Ng3 Be7 7. Bd3 O-O 8.
O-O c5 9. c3 Qc7 10. Re1 Re8 11. Bd2 b6 12. Rc1 Bb7 13. b4 a5 14. bxc5 bxc5 15.
Bb5 Bc6 16. Rb1 Reb8 17. a4 Bd6 18. dxc5 Nxc5 19. Nd4 Bd7 20. Qc2 Rc8 21. c4
Bf4 22. Bc3 Bd6 23. Rbd1 Be7 24. Nf3 Bxb5 25. axb5 Ncd7 26. Bxf6 Nxf6 27. Ne5
Nd5 28. Qb3 Nb6 29. Nc6 a4 30. Qa2 Bc5 31. Ne4 Bf8 32. Re3 a3 33. Red3 Qf4 34.
f3 Na4 35. Kh1 Nb2 36. R3d2 Nxd1 37. Rxd1 h5 38. c5 Rd8 39. Nxd8 Rxd8 40. Rb1
Qe3 41. c6 Qd4 42. h3 Qb6 43. Qc4 Rd4 44. Qc2 Rd8 45. Ng5 g6 46. Nxe6 fxe6 47.
Qxg6+ Bg7 48. Qxe6+ Kh8 49. Qf7 Qc5 50. c7 Rf8 51. Qb3 Qxc7 52. Qxa3 Qb6 53.
Qa4 Qd4 1/2-1/2

[Event "I Festival A"]
[Site "Lodi ITA"]
[Date "2005.06.11"]
[Round "3"]
[White "Foglia, Maurizio"]
[Black "Zanetti, Alberto"]
[Result "1/2-1/2"]
[WhiteElo "2089"]
[BlackElo "2224"]
[PlyCount "96"]
[EventDate "2005.06.10"]

1. Nf3 c5 2. b3 Nc6 3. Bb2 d5 4. e3 Nf6 5. Bb5 Bg4 6. h3 Bxf3 7. Qxf3 e6 8. O-O
Be7 9. Bxc6+ bxc6 10. d3 O-O 11. Nd2 a5 12. a4 Nd7 13. Rad1 Bf6 14. Bxf6 Qxf6
15. Qxf6 gxf6 16. Rfe1 f5 17. e4 fxe4 18. dxe4 Ra7 19. Re3 Kg7 20. Rc3 Rb8 21.
Re1 Rb4 22. f4 Rab7 23. f5 e5 24. Rd3 c4 25. Rc3 f6 26. Rg3+ Kf7 27. exd5 cxd5
28. bxc4 Nc5 29. cxd5 Rxa4 30. Rc3 Rd4 31. Rxc5 Rxd2 32. Ra1 Ra7 33. Raxa5 Rxa5
34. Rxa5 Rxc2 35. Ra7+ Ke8 36. Rxh7 Rd2 37. g4 Rxd5 38. Kf2 Rd3 39. h4 Kf8 40.
g5 e4 41. g6 Rf3+ 42. Ke2 Rxf5 43. Ke3 Re5 44. h5 Rg5 45. Kxe4 Kg8 46. Kf4 Kf8
47. Rf7+ Kg8 48. Rxf6 Rxh5 1/2-1/2